000 nam a22 a 4500
999 _c2958
_d2958
003 AKMAL
005 20170519081901.0
008 170519s1998 ii 00 eng d
020 _a8175140100 (pbk.):
040 _aAKMAL
082 _a658.049 ALK
090 _a658.049
_bALK
100 1 _aAlkhafaji, Abbass F.
_96187
245 1 0 _aCompetitive global management :
_bprinciples and strategies /
_cAbbass F.Alkhafaji
260 _aNew Delhi :
_bSt. Lucie Press,
_c1998
300 _av, 415p. :
_bill. ;
_c26cm
500 _aIncludes index
504 _aBibliografi: p. 399-402
650 _aManagement
_xInternational cooperation
_96188
650 _aComparative management
_96189
650 _aInternational economic relations
_979
650 _aTechnology
_xInternational cooperation
_96190
942 _2ddc
_cBOOK